[Event "Paranaense-ch U20"]
[Site "Pirai do Sul"]
[Date "2019.07.14"]
[Round "6.2"]
[White "Bartmeyer, Jose Francisco"]
[Black "Mainardes, Christian Junior"]
[Result "0-1"]
[WhiteElo "1270"]
[BlackElo "1732"]
[PlyCount "67"]
[EventDate "2019.07.12"]
[EventType "swiss"]
[EventRounds "6"]
[EventCountry "BRA"]
[SourceTitle "EXT 2022"]
[Source "ChessBase"]
[SourceDate "2021.10.06"]
[SourceVersion "1"]
[SourceVersionDate "2021.10.06"]
[SourceQuality "1"]

1. d4 Nf6 2. Nf3 d6 3. Bf4 g6 4. h3 Bg7 5. e3 Bf5 6. Nbd2 0-0 7. Be2 c6 8. 0-0 Nd5 9. Bh2 Nf6 10. c4 Re8 11. Rc1 Nbd7 12. c5 dxc5 13. dxc5 Ne4 14. Nxe4 Bxe4 15. Qb3 e5 16. Bc4 Qe7 17. Qb4 Bxf3 18. gxf3 b6 19. Rfd1 Nxc5 20. Rc2 Rad8 21. Rcd2 Rxd2 22. Qxd2 Qg5+ 23. Bg3 Qf6 24. b4 Ne6 25. Be2 Ng5 26. Qd7 Re7 27. Qd8+ Bf8 28. Bh4 Nxh3+ 29. Kg2 Qxh4 30. Rd7 Qxf2+ 31. Kxh3 Rxd7 32. Qxd7 Qxe2 33. Kg3 Qxe3 34. Qxa7 0-1

[Event "Caioba Telecom op"]
[Site "Caioba"]
[Date "2017.09.30"]
[Round "5"]
[White "Bartmeyer, Jose Francisco"]
[Black "Lisboa, Joana Cunha"]
[Result "0-1"]
[WhiteElo "1165"]
[BlackElo "1486"]
[PlyCount "68"]
[EventDate "2017.09.28"]
[EventType "swiss"]
[EventRounds "8"]
[EventCountry "BRA"]
[SourceTitle "EXT 2018"]
[Source "ChessBase"]
[SourceDate "2017.10.13"]
[SourceVersion "1"]
[SourceVersionDate "2017.10.13"]
[SourceQuality "1"]

1. d4 Nf6 2. Nf3 g6 3. Bf4 Bg7 4. e3 d6 5. h3 0-0 6. Be2 Nbd7 7. 0-0 b6 8. c4 Bb7 9. Nc3 a6 10. Qc2 Qe8 11. Rac1 e5 12. dxe5 dxe5 13. Bh2 Qe7 14. Rfd1 Rad8 15. Nd5 Nxd5 16. cxd5 Rc8 17. Rd2 Rfd8 18. e4 a5 19. Qd1 Nc5 20. Bd3 Bh6 21. Bxe5 Bxd2 22. Qxd2 Re8 23. Qh6 f6 24. d6 cxd6 25. Bxf6 Qxf6 26. e5 Qg7 27. Qe3 Nxd3 28. Rxc8 Rxc8 29. Qxd3 Bxf3 30. Qxf3 Rc1+ 31. Kh2 Qxe5+ 32. g3 Qe7 33. Qa8+ Kg7 34. Qd5 Rc7 0-1

[Event "Caioba Telecom op"]
[Site "Caioba"]
[Date "2017.09.28"]
[Round "1"]
[White "Bartmeyer, Jose Francisco"]
[Black "Zimmermann, Kleber Renato P"]
[Result "0-1"]
[WhiteElo "1165"]
[BlackElo "1963"]
[PlyCount "64"]
[EventDate "2017.09.28"]
[EventType "swiss"]
[EventRounds "8"]
[EventCountry "BRA"]
[SourceTitle "EXT 2018"]
[Source "ChessBase"]
[SourceDate "2017.10.13"]
[SourceVersion "1"]
[SourceVersionDate "2017.10.13"]
[SourceQuality "1"]

1. d4 Nf6 2. Nf3 c5 3. Bf4 cxd4 4. Nxd4 e5 5. Be3 exd4 6. Bxd4 Nc6 7. Bc3 d5 8. e3 Bc5 9. Bd3 0-0 10. 0-0 d4 11. exd4 Bxd4 12. h3 Be6 13. Re1 Qb6 14. Bxd4 Qxd4 15. Nc3 Rad8 16. Qf3 Ne5 17. Qxb7 Nxd3 18. cxd3 Rb8 19. Qf3 Rxb2 20. Rac1 Rd8 21. Red1 h6 22. Ne4 Nxe4 23. dxe4 Rd2 24. Rxd2 Qxd2 25. Rc7 Qxa2 26. Qe3 Qa1+ 27. Rc1 Rd1+ 28. Rxd1 Qxd1+ 29. Kh2 Qd6+ 30. Kg1 a5 31. Qa7 Qb4 32. f3 a4 0-1

[Event "Caioba Telecom op"]
[Site "Caioba"]
[Date "2017.09.28"]
[Round "2"]
[White "Friedrich, Carlos Ernesto Gall"]
[Black "Bartmeyer, Jose Francisco"]
[Result "1-0"]
[WhiteElo "1656"]
[BlackElo "1165"]
[PlyCount "57"]
[EventDate "2017.09.28"]
[EventType "swiss"]
[EventRounds "8"]
[EventCountry "BRA"]
[SourceTitle "EXT 2018"]
[Source "ChessBase"]
[SourceDate "2017.10.13"]
[SourceVersion "1"]
[SourceVersionDate "2017.10.13"]
[SourceQuality "1"]

1. e4 d6 2. d4 Nf6 3. Nc3 g6 4. f4 Bg7 5. Nf3 0-0 6. Be2 c5 7. 0-0 a6 8. dxc5 dxc5 9. Qxd8 Rxd8 10. Be3 b6 11. Rad1 Nbd7 12. Ne5 Bb7 13. Nxd7 Nxd7 14. Bg4 Nf6 15. Bf3 Rd7 16. Rxd7 Nxd7 17. Rd1 Rd8 18. e5 Bxf3 19. gxf3 Kf8 20. Nd5 Ke8 21. Nc7+ Kf8 22. e6 Bxb2 23. Rxd7 fxe6 24. Rxd8+ Kf7 25. Nxa6 Kf6 26. Rb8 Kf5 27. Rxb6 Bc3 28. Nxc5 Ba5 29. Rb5 1-0

[Event "BRA-ch U16"]
[Site "Itajai"]
[Date "2017.06.04"]
[Round "6"]
[White "Bartmeyer, Jose Francisco"]
[Black "Peroza, Eduardo Antunes"]
[Result "0-1"]
[WhiteElo "1691"]
[BlackElo "1563"]
[PlyCount "78"]
[EventDate "2017.06.01"]
[EventType "swiss"]
[EventRounds "6"]
[EventCountry "BRA"]
[SourceTitle "CBM 179 Extra"]
[Source "ChessBase"]
[SourceDate "2017.08.23"]
[SourceVersion "1"]
[SourceVersionDate "2017.08.23"]
[SourceQuality "1"]

1. d4 d5 2. Bf4 Nf6 3. Nf3 c6 4. h3 Bf5 5. e3 Qb6 6. b3 e6 7. Bd3 Ne4 8. 0-0 Nd7 9. Nbd2 Ndf6 10. Ne5 Bb4 11. Nxe4 Nxe4 12. Qh5 g6 13. Qe2 Bc3 14. Rad1 f6 15. Nf3 g5 16. Bh2 h5 17. Bxe4 Bxe4 18. Nd2 Bxc2 19. Rc1 Bxd2 20. Rxc2 Bb4 21. Qd3 Kf7 22. Qe2 Qd8 23. f4 f5 24. g4 hxg4 25. hxg4 Bd6 26. Qf3 gxf4 27. Bxf4 Bxf4 28. Qxf4 Qh4 29. Rh2 Qxh2+ 30. Qxh2 Rxh2 31. Kxh2 Rh8+ 32. Kg3 Rg8 33. Kh4 Rxg4+ 34. Kh3 Ke7 35. Rf3 b6 36. Rg3 Rxg3+ 37. Kxg3 c5 38. dxc5 bxc5 39. Kf4 Kd6 0-1

[Event "BRA-ch U16"]
[Site "Itajai"]
[Date "2017.06.03"]
[Round "4"]
[White "Bartmeyer, Jose Francisco"]
[Black "Hayashi, Kaito"]
[Result "0-1"]
[WhiteElo "1691"]
[BlackElo "1509"]
[PlyCount "44"]
[EventDate "2017.06.01"]
[EventType "swiss"]
[EventRounds "6"]
[EventCountry "BRA"]
[SourceTitle "CBM 179 Extra"]
[Source "ChessBase"]
[SourceDate "2017.08.23"]
[SourceVersion "1"]
[SourceVersionDate "2017.08.23"]
[SourceQuality "1"]

1. d4 Nf6 2. Bf4 d5 3. Nf3 Bg4 4. Ne5 Bh5 5. h3 e6 6. Bg5 Be7 7. Nd2 Nbd7 8. Nef3 c5 9. c3 cxd4 10. cxd4 Qa5 11. a3 0-0 12. b4 Qb6 13. Ne5 Bd6 14. Bxf6 Nxf6 15. Ndf3 a5 16. Rb1 axb4 17. axb4 Bxb4+ 18. Nd2 Bxd2+ 19. Kxd2 Qxd4+ 20. Nd3 Ra2+ 21. Ke1 Qc3+ 22. Qd2 Qxd2# 0-1

[Event "Caioba Telecom op"]
[Site "Caioba"]
[Date "2016.08.27"]
[Round "3"]
[White "Dutra, Liliam Guedes"]
[Black "Bartmeyer, Jose Francisco"]
[Result "1/2-1/2"]
[WhiteElo "1569"]
[BlackElo "1800"]
[PlyCount "86"]
[EventDate "2016.08.26"]
[EventType "swiss"]
[EventRounds "6"]
[EventCountry "BRA"]
[SourceTitle "CBM 174 Extra"]
[Source "ChessBase"]
[SourceDate "2016.10.10"]
[SourceVersion "1"]
[SourceVersionDate "2016.10.10"]
[SourceQuality "1"]

1. d4 d5 2. c4 c6 3. Nc3 Bf5 4. cxd5 cxd5 5. Nf3 h6 6. e3 a6 7. a3 Nf6 8. Bd3 Bxd3 9. Qxd3 e6 10. 0-0 Bd6 11. Re1 0-0 12. b4 Nbd7 13. e4 Nxe4 14. Nxe4 dxe4 15. Qxe4 Qc7 16. Bb2 Nf6 17. Qd3 Ng4 18. g3 Rfe8 19. Rac1 Qb6 20. Ne5 Bxe5 21. h3 Nxf2 22. Kxf2 f6 23. Kg2 Bd6 24. Re4 Kf7 25. Qf3 Rac8 26. Qh5+ g6 27. Qxh6 Rh8 28. Qe3 Rxc1 29. Qxc1 Qc7 30. Qxc7+ Bxc7 31. h4 g5 32. hxg5 fxg5 33. Re2 g4 34. d5 Re8 35. dxe6+ Rxe6 36. Rf2+ Ke7 37. Bc1 Rc6 38. Bg5+ Ke6 39. Rf6+ Kd5 40. Rf2 Rc3 41. Bf4 Bxf4 42. Rxf4 Rxa3 43. Rxg4 Kc6 1/2-1/2

[Event "BRA-ch U16"]
[Site "Itajai"]
[Date "2016.06.11"]
[Round "4"]
[White "Marques Junior, Marcos Antonio"]
[Black "Bartmeyer, Jose Francisco"]
[Result "1-0"]
[WhiteElo "1658"]
[BlackElo "1800"]
[PlyCount "99"]
[EventDate "2016.06.09"]
[EventType "swiss"]
[EventRounds "6"]
[EventCountry "BRA"]
[SourceTitle "CBM 172 Extra"]
[Source "ChessBase"]
[SourceDate "2016.06.21"]
[SourceVersion "1"]
[SourceVersionDate "2016.06.21"]
[SourceQuality "1"]

1. c4 e5 2. Nc3 Nf6 3. Nf3 Nc6 4. g3 Bc5 5. e4 d6 6. d3 h6 7. Bg2 Bg4 8. h3 Bd7 9. Na4 Bb4+ 10. Bd2 a6 11. Bxb4 Nxb4 12. Nc3 c5 13. 0-0 0-0 14. a3 Nc6 15. Rb1 a5 16. Nb5 Be6 17. Nd2 Qd7 18. Kh2 Rfe8 19. f4 g6 20. fxe5 Ng4+ 21. hxg4 Bxg4 22. Bf3 Nxe5 23. Nc3 Bxf3 24. Nxf3 Ng4+ 25. Kg1 Ne3 26. Qd2 Nxf1 27. Rxf1 h5 28. Nd5 Qd8 29. Qh6 Rf8 30. Ng5 Qxg5 31. Qxg5 Kg7 32. Qf6+ Kh6 33. Qxd6 Rad8 34. Qxc5 f5 35. exf5 gxf5 36. Qxa5 Rd6 37. Qb4 Rfd8 38. Rxf5 Rg6 39. Rf6 Rxf6 40. Nxf6 Rxd3 41. Kf1 Rf3+ 42. Ke2 Rxf6 43. Qxb7 Re6+ 44. Kd2 Rg6 45. Qf3 h4 46. Qf4+ Kg7 47. gxh4 Rg2+ 48. Kd3 Rxb2 49. Qe5+ Kg6 50. Qxb2 1-0

[Event "BRA-ch U16"]
[Site "Itajai"]
[Date "2016.06.10"]
[Round "2"]
[White "Wiltner, Matheus H Andrukiu"]
[Black "Bartmeyer, Jose Francisco"]
[Result "1-0"]
[WhiteElo "1580"]
[BlackElo "1800"]
[PlyCount "85"]
[EventDate "2016.06.09"]
[EventType "swiss"]
[EventRounds "6"]
[EventCountry "BRA"]
[SourceTitle "CBM 172 Extra"]
[Source "ChessBase"]
[SourceDate "2016.06.21"]
[SourceVersion "1"]
[SourceVersionDate "2016.06.21"]
[SourceQuality "1"]

1. d4 d5 2. c4 Nf6 3. Nc3 Bf5 4. Nf3 e6 5. Bg5 Bb4 6. Qa4+ Nc6 7. Ne5 Bxc3+ 8. bxc3 0-0 9. Nxc6 bxc6 10. Qxc6 Rb8 11. e3 Qe7 12. c5 Rb2 13. c4 Rfb8 14. Rd1 Rxa2 15. cxd5 exd5 16. Bxf6 Qxf6 17. Qxd5 Be6 18. Qf3 Qxf3 19. gxf3 f5 20. Bh3 Rab2 21. 0-0 g6 22. Ra1 Ra8 23. Rfd1 Rc2 24. Ra5 c6 25. e4 Bb3 26. Rb1 Rc3 27. Ra3 Rb8 28. d5 fxe4 29. Be6+ Kg7 30. fxe4 cxd5 31. exd5 Bc2 32. Rxa7+ Kf6 33. Rxb8 Rxc5 34. f4 g5 35. Rf7+ Kg6 36. Rg8+ Kh5 37. Rxg5+ Kh6 38. Bf5 Bxf5 39. Rgxf5 Rc1+ 40. Kf2 Rc2+ 41. Kg3 Rc3+ 42. Kh4 Re3 43. R5f6# 1-0